Carlota e Mariana (Registo nº 2124)

Detalhes MARC
000 -Etiqueta do registo
Cabeçalho 00724nam a22002531 4500
005 - Identificador da versão
Campo de controlo 20240813121925.0
095 ## -
-- PTBN00021021
100 ## - Dados gerais de processamento
Dados gerais de processamento 19920402d1980 am y0pory5003 ba
102 ## - Pais de publicação ou produção
País de publicação Portugal
101 1# - Língua de publicação
Língua do texto, banda sonora, etc. Português
Língua do documento no original Sueco
215 ## - Descrição física 
Indicação específica da natureza do documento e extensão da espécie 95 p.
Outras indicações físicas il.
Dimensões 21 cm
200 1# - Titulo e menção de responsabilidade
Título próprio Carlota e Mariana
Primeira menção de responsabilidade Gretha Stevns
Outras menções de responsabilidade trad. Inga Gullander
225 2# - Colecção 
Título próprio da colecção Carlota
Indicação de volume 6
210 ## - Publicação, Distribuição, etc. 
Lugar da edição, distribuição, etc. Lisboa
Nome do editor, distribuidor, etc. Verbo
Data da publicação, distribuição, etc. imp. 1980
304 ## - Notas relativas a título e menção de responsabilidade 
Texto da nota Tít. orig. Pernille og Marianne
606 ## - Nome comum usado como assunto
Número de registo de entrada de autoridade 0000634
Palavra de ordem Literatura estrangeira juvenil
Subdivisão de assunto Conto
675 ## - Classificação Decimal Universal (CDU)
Notação 82-34
Edição
Língua da edição por
702 #1 - Nome de autor-pessoa física (responsabilidade secundária)
Número de registo de entrada de autoridade 0000874
Palavra de ordem Gullander
Outra parte do nome não tomada para palavra de ordem Inga
Código de função Tradutor
700 #1 - Nome de autor-pessoa física (responsabilidade principal)
Número de registo de entrada de autoridade 0000879
Palavra de ordem Stevns
Outra parte do nome não tomada para palavra de ordem Greta
Elementos de identificação ou distinção pseud.
942 ## - Elementos de entrada adicionados (Koha)
Tipo de item no Koha Livro
Exemplares
Situação do levantamento Origin of item (home branch) (coded) Biblioteca de empréstimo Código de barras Cota Circulation type (not for loan) Tipo de documento Nota do exemplar Damaged status
  Biblioteca Escolar da Coca Maravilhas Biblioteca Escolar da Coca Maravilhas BECM1492/92 8EST STE   Livro Sem mensagem